Capabilities and benefits of executive information systems

Salvato in:
Dettagli Bibliografici
Autore principale: Čarnický, Štefan
Natura: Capitolo di libro
Lingua:inglese
Tags: Aggiungi Tag
Nessun Tag, puoi essere il primo ad aggiungerne!!

MARC

LEADER 00000naa$a2200000$$$4500
001 0103474
005 20240502072127.0
041 0 |a eng 
044 |a SK 
245 1 0 |a Capabilities and benefits of executive information systems  |c Recenzoval: Vodzinský 
100 1 |a Čarnický, Štefan